MARC details
| 000 -LEADER |
| fixed length control field |
02575cam a2200673 i 4500 |
| 001 - CONTROL NUMBER |
| control field |
1943 |
| 003 - CONTROL NUMBER IDENTIFIER |
| control field |
FISKH |
| 005 - DATE AND TIME OF LATEST TRANSACTION |
| control field |
20231020094838.0 |
| 008 - FIXED-LENGTH DATA ELEMENTS--GENERAL INFORMATION |
| fixed length control field |
160201t20152014nyuab j 000 1 eng d |
| 010 ## - LIBRARY OF CONGRESS CONTROL NUMBER |
| LC control number |
2016297158 |
| 020 ## - INTERNATIONAL STANDARD BOOK NUMBER |
| International Standard Book Number |
9781408331538 |
| 020 ## - INTERNATIONAL STANDARD BOOK NUMBER |
| International Standard Book Number |
9781408331538 |
| 020 ## - INTERNATIONAL STANDARD BOOK NUMBER |
| International Standard Book Number |
9781480672543 (Paw Prints) |
| 020 ## - INTERNATIONAL STANDARD BOOK NUMBER |
| International Standard Book Number |
1480672548 (Paw Prints) |
| 035 ## - SYSTEM CONTROL NUMBER |
| System control number |
(OCoLC)ocn903529253 |
| 040 ## - CATALOGING SOURCE |
| Original cataloging agency |
PAP |
| Language of cataloging |
eng |
| Transcribing agency |
PAP |
| Description conventions |
rda |
| Modifying agency |
PAP |
| -- |
OCLCO |
| -- |
BTCTA |
| -- |
HBP |
| -- |
OCP |
| -- |
OCLCO |
| -- |
JTH |
| -- |
UPZ |
| -- |
JTH |
| -- |
DAD |
| -- |
OCLCF |
| -- |
EHH |
| -- |
OCL |
| -- |
OCLCO |
| -- |
YDXCP |
| -- |
BDX |
| -- |
DLC |
| 042 ## - AUTHENTICATION CODE |
| Authentication code |
lccopycat |
| 050 00 - LIBRARY OF CONGRESS CALL NUMBER |
| Classification number |
PZ7.M507 |
| Item number |
Rs 2015 |
| 082 04 - DEWEY DECIMAL CLASSIFICATION NUMBER |
| Classification number |
823.92 |
| Edition number |
23 |
| 100 1# - MAIN ENTRY--PERSONAL NAME |
| Personal name |
Meadows, Daisy, |
| 245 10 - TITLE STATEMENT |
| Title |
Roxie the baking fairy / |
| Statement of responsibility, etc. |
by Daisy Meadows. |
| 264 #1 - PRODUCTION, PUBLICATION, DISTRIBUTION, MANUFACTURE, AND COPYRIGHT NOTICE |
| Place of production, publication, distribution, manufacture |
New York : |
| Name of producer, publisher, distributor, manufacturer |
Scholastic, |
| Date of production, publication, distribution, manufacture, or copyright notice |
2015. |
| 264 #4 - PRODUCTION, PUBLICATION, DISTRIBUTION, MANUFACTURE, AND COPYRIGHT NOTICE |
| Date of production, publication, distribution, manufacture, or copyright notice |
2014 |
| 300 ## - PHYSICAL DESCRIPTION |
| Extent |
75 pages : |
| Other physical details |
illustrations, map ; |
| Dimensions |
20 cm. |
| 336 ## - CONTENT TYPE |
| Content type term |
text |
| Content type code |
txt |
| Source |
rdacontent |
| 336 ## - CONTENT TYPE |
| Content type term |
still image |
| Content type code |
sti |
| Source |
rdacontent |
| 337 ## - MEDIA TYPE |
| Media type term |
unmediated |
| Media type code |
n |
| Source |
rdamedia |
| 338 ## - CARRIER TYPE |
| Carrier type term |
volume |
| Carrier type code |
nc |
| Source |
rdacarrier |
| 490 1# - SERIES STATEMENT |
| Series statement |
Rainbow magic. The magical crafts fairies ; |
| Volume/sequential designation |
Book 7 |
| 505 ## - FORMATTED CONTENTS NOTE |
| Formatted contents note |
U<br/> |
| 520 ## - SUMMARY, ETC. |
| Summary, etc. |
Roxie the baking fairy needs Rachel and Kirsty's help to find her missing cookie cutter in order to help keep Rainspell Island's Arts and Crafts Week on schedule. |
| 521 2# - TARGET AUDIENCE NOTE |
| Target audience note |
830<br/> |
| Source |
Lexile<br/> |
| 521 2# - TARGET AUDIENCE NOTE |
| Target audience note |
U<br/> |
| Source |
Raz-Plus<br/> |
| 650 #0 - SUBJECT ADDED ENTRY--TOPICAL TERM |
| Topical term or geographic name entry element |
Tate, Kirsty (Fictitious character) |
| Form subdivision |
Juvenile fiction. |
| 650 #0 - SUBJECT ADDED ENTRY--TOPICAL TERM |
| Topical term or geographic name entry element |
Walker, Rachel (Fictitious character) |
| Form subdivision |
Juvenile fiction. |
| 650 #0 - SUBJECT ADDED ENTRY--TOPICAL TERM |
| Topical term or geographic name entry element |
Fairies |
| Form subdivision |
Juvenile fiction. |
| 650 #0 - SUBJECT ADDED ENTRY--TOPICAL TERM |
| Topical term or geographic name entry element |
Twins |
| Form subdivision |
Juvenile fiction. |
| 650 #0 - SUBJECT ADDED ENTRY--TOPICAL TERM |
| Topical term or geographic name entry element |
Magic |
| Form subdivision |
Juvenile fiction. |
| 650 #0 - SUBJECT ADDED ENTRY--TOPICAL TERM |
| Topical term or geographic name entry element |
Baking |
| Form subdivision |
Juvenile fiction. |
| 650 #1 - SUBJECT ADDED ENTRY--TOPICAL TERM |
| Topical term or geographic name entry element |
Tate, Kirsty (Fictitious character) |
| Form subdivision |
Fiction. |
| 650 #1 - SUBJECT ADDED ENTRY--TOPICAL TERM |
| Topical term or geographic name entry element |
Walker, Rachel (Fictitious character) |
| Form subdivision |
Fiction. |
| 650 #1 - SUBJECT ADDED ENTRY--TOPICAL TERM |
| Topical term or geographic name entry element |
Fairies |
| Form subdivision |
Fiction. |
| 650 #1 - SUBJECT ADDED ENTRY--TOPICAL TERM |
| Topical term or geographic name entry element |
Twins |
| Form subdivision |
Fiction. |
| 650 #1 - SUBJECT ADDED ENTRY--TOPICAL TERM |
| Topical term or geographic name entry element |
Magic |
| Form subdivision |
Fiction. |
| 650 #1 - SUBJECT ADDED ENTRY--TOPICAL TERM |
| Topical term or geographic name entry element |
Baking |
| Form subdivision |
Fiction. |
| 650 #7 - SUBJECT ADDED ENTRY--TOPICAL TERM |
| Topical term or geographic name entry element |
Baking. |
| Source of heading or term |
fast |
| Authority record control number or standard number |
(OCoLC)fst00825632 |
| 650 #7 - SUBJECT ADDED ENTRY--TOPICAL TERM |
| Topical term or geographic name entry element |
Fairies. |
| Source of heading or term |
fast |
| Authority record control number or standard number |
(OCoLC)fst00919878 |
| 650 #7 - SUBJECT ADDED ENTRY--TOPICAL TERM |
| Topical term or geographic name entry element |
Magic. |
| Source of heading or term |
fast |
| Authority record control number or standard number |
(OCoLC)fst01005468 |
| 650 #7 - SUBJECT ADDED ENTRY--TOPICAL TERM |
| Topical term or geographic name entry element |
Tate, Kirsty (Fictitious character) |
| Source of heading or term |
fast |
| Authority record control number or standard number |
(OCoLC)fst01748294 |
| 650 #7 - SUBJECT ADDED ENTRY--TOPICAL TERM |
| Topical term or geographic name entry element |
Twins. |
| Source of heading or term |
fast |
| Authority record control number or standard number |
(OCoLC)fst01159851 |
| 650 #7 - SUBJECT ADDED ENTRY--TOPICAL TERM |
| Topical term or geographic name entry element |
Walker, Rachel (Fictitious character) |
| Source of heading or term |
fast |
| Authority record control number or standard number |
(OCoLC)fst01748295 |
| 655 #7 - INDEX TERM--GENRE/FORM |
| Genre/form data or focus term |
Fiction. |
| Source of term |
fast |
| Authority record control number or standard number |
(OCoLC)fst01423787 |
| 655 #7 - INDEX TERM--GENRE/FORM |
| Genre/form data or focus term |
Juvenile works. |
| Source of term |
fast |
| Authority record control number or standard number |
(OCoLC)fst01411637 |
| 710 2# - ADDED ENTRY--CORPORATE NAME |
| Corporate name or jurisdiction name as entry element |
HIT Entertainment. |
| 800 1# - SERIES ADDED ENTRY--PERSONAL NAME |
| Personal name |
Meadows, Daisy. |
| Title of a work |
Magical crafts fairies ; |
| Volume/sequential designation |
Book 7. |
| 800 1# - SERIES ADDED ENTRY--PERSONAL NAME |
| Personal name |
Meadows, Daisy. |
| Title of a work |
Rainbow magic. |
| 906 ## - LOCAL DATA ELEMENT F, LDF (RLIN) |
| a |
7 |
| b |
cbc |
| c |
copycat |
| d |
2 |
| e |
ncip |
| f |
20 |
| g |
y-gencatlg |
| 942 ## - ADDED ENTRY ELEMENTS (KOHA) |
| Source of classification or shelving scheme |
Dewey Decimal Classification |
| Koha item type |
Books |
| Suppress in OPAC |
No |